Osobitné činitele ekonomického rozvoja - inflácia a daňové zaťaženie a ich prejavy v cestovnom ruchu diplomová práca

Uložené v:
Podrobná bibliografia
Hlavný autor: Prešinská, Denisa
Korporativný autor: Obchodná fakulta EU. Katedra služieb a cestovného ruchu - zrušené
Ďalší autori: Pachingerová, Mária
Médium: Kniha
Jazyk:Slovak
Vydavateľské údaje: Bratislava 2012
Tagy: Pridať tag
Žiadne tagy, Buďte prvý, kto otaguje tento záznam!

MARC

LEADER 00000nbm a2200000 4500
001 0159032
005 20161109102224.7
041 0 |a slo 
044 |a SK 
245 1 0 |a Osobitné činitele ekonomického rozvoja - inflácia a daňové zaťaženie a ich prejavy v cestovnom ruchu  |b diplomová práca  |c Denisa Prešinská ; školiteľ: Mária Pachingerová 
264 1 |a Bratislava  |c 2012 
300 |a 76 s. 
100 1 |a Prešinská, Denisa 
700 1 |a Pachingerová, Mária 
710 2 |a Obchodná fakulta EU. Katedra služieb a cestovného ruchu - zrušené